Herrscher Deutschlands nach Karten - Statistiken

Allgemein
  • Dieses Quiz wurde 30 mal gespielt
  • Das Durchschnittsergebnis liegt bei 4 aus 10
Antwortstatistiken
Bildquiz Antwort % Korrekt
Adolf Hitler
88%
Konrad Adenauer +5
81%
Erich Honecker +3
58%
Wilhelm II +3
46%
Friedrich der Große
23%
Otto III
23%
Napoleon Bonaparte +2
19%
Friedrich Wilhelm I
15%
Ludwig der Deutsche
8%
Heinrich II
0%
Keine übereinstimmenden Quizze gefunden
Verteilung der Resultate
Anzahl Personen mit jedem Resultat
Perzentil nach korrekt beantworteten Fragen
Ihre Resultats-Entwicklung
Sie haben dieses Quiz noch nicht gespielt